Surveyors acting as adjudicators in the construction industry (Record no. 114607)
[ view plain ]
| 000 -LEADER | |
|---|---|
| fixed length control field | 01424cam a22003015a 4500 |
| 001 - CONTROL NUMBER | |
| control field | L157117 |
| 008 - FIXED-LENGTH DATA ELEMENTS--GENERAL INFORMATION | |
| fixed length control field | 040912s2012 xxk f 000 0 eng d |
| 020 ## - INTERNATIONAL STANDARD BOOK NUMBER | |
| International Standard Book Number | 9781842198001 |
| 035 ## - SYSTEM CONTROL NUMBER | |
| System control number | (Sirsi) u157117 |
| 041 0# - LANGUAGE CODE | |
| Language code of text/sound track or separate title | eng |
| 050 04 - LIBRARY OF CONGRESS CALL NUMBER | |
| Classification number | 347.4107 $2 18 |
| 110 2# - MAIN ENTRY--CORPORATE NAME | |
| Corporate name or jurisdiction name as entry element | Royal Institution of Chartered Surveyors |
| 9 (RLIN) | 4900 |
| 245 00 - TITLE STATEMENT | |
| Title | Surveyors acting as adjudicators in the construction industry |
| 250 ## - EDITION STATEMENT | |
| Edition statement | 3rd ed. |
| 260 ## - PUBLICATION, DISTRIBUTION, ETC. | |
| Place of publication, distribution, etc. | Coventry |
| Name of publisher, distributor, etc. | RICS |
| Date of publication, distribution, etc. | 2012 |
| 300 ## - PHYSICAL DESCRIPTION | |
| Extent | vi, 26p. |
| Dimensions | 24 cm |
| 490 #0 - SERIES STATEMENT | |
| Series statement | Guidance Note |
| 505 2# - FORMATTED CONTENTS NOTE | |
| Formatted contents note | General introduction -- Appointment and acceptance -- Procedure and other matters. |
| 520 ## - SUMMARY, ETC. | |
| Summary, etc. | OUT OF DATE, ARCHIVED JANUARY 2017. Superseded by 4th edition (L159460). |
| 520 ## - SUMMARY, ETC. | |
| Summary, etc. | Provides outline guidance to RICS members acting as adjudicators in disputes relating to works carried out under a construction contract as defined in Part II of the Housing Grants, Construction and Regeneration Act 1996 as amended by Part 8 of the Local Democracy, Economic Development and Construction Act 2009. |
| 521 ## - TARGET AUDIENCE NOTE | |
| Target audience note | Advanced |
| 650 24 - SUBJECT ADDED ENTRY--TOPICAL TERM | |
| Topical term or geographic name entry element | Dispute resolution |
| 9 (RLIN) | 6236 |
| 651 #4 - SUBJECT ADDED ENTRY--GEOGRAPHIC NAME | |
| Geographic name | United Kingdom |
| Chronological subdivision | |
| 690 ## - LOCAL SUBJECT ADDED ENTRY--TOPICAL TERM (OCLC, RLIN) | |
| Topical term or geographic name as entry element | Construction management |
| 9 (RLIN) | 6230 |
| 856 40 - ELECTRONIC LOCATION AND ACCESS | |
| Uniform Resource Identifier | <a href="https://www.rics.org/Global/Surveyors_acting_as_adjudicators_in_the_construction_industry_3rd_edition_PGguidance_2012.pdf">https://www.rics.org/Global/Surveyors_acting_as_adjudicators_in_the_construction_industry_3rd_edition_PGguidance_2012.pdf</a> |
| Public note | View the guidance note free of charge (member-only content) at www.rics.org... |
| 942 ## - ADDED ENTRY ELEMENTS (KOHA) | |
| Suppress in OPAC | 0 |
| Withdrawn status | Lost status | Damaged status | Not for loan | Home library | Current library | Shelving location | Date acquired | Total Checkouts | Full call number | Barcode | Date last seen | Copy number | Price effective from | Koha item type | Source of classification or shelving scheme |
|---|---|---|---|---|---|---|---|---|---|---|---|---|---|---|---|
| Missing from bundle | London | London | RICS Boxes | 04/09/2012 | RICS 2012/14 | 30077452 | 06/08/2019 | 1 | 06/08/2019 | Archive | |||||
| Missing from bundle | London | London | RICS Boxes | 04/09/2012 | RICS 2012/14 | 30077453 | 06/08/2019 | 2 | 06/08/2019 | Book | |||||
| Missing from bundle | London | London | RICS Boxes | 05/09/2012 | RICS 2012/14 | 30077451 | 06/08/2019 | 4 | 06/08/2019 | Reference material | |||||
| Virtual | Virtual | Online | 05/09/2012 | ONLINE PUBLICATION | 157117-4001 | 06/08/2019 | 1 | 06/08/2019 | Book | Dewey Decimal Classification |